000 00353 a2200157 4500
001 191209
020 _a0-521-00662-7
040 _cMagnum
100 _aDavidson, Rosemary
240 1 0 _aOne teddy bear all alone
_lpor
245 1 0 _aOne teddy bear all alone
300 _a8
362 0 _a2001
697 _aLITERATURA INFANTIL INGLESA
942 _cBK
999 _c191209
_d191209